[Event "Quimper op 5th"]
[Site "Quimper"]
[Date "2014.10.31"]
[Round "1"]
[White "Ferrandi, Bernard"]
[Black "Gouriou, Michel"]
[Result "1-0"]
[WhiteElo "1736"]
[BlackElo "1190"]
[PlyCount "39"]
[EventDate "2014.10.31"]
[EventType "swiss"]
[EventRounds "7"]
[EventCountry "FRA"]
[SourceTitle "EXT 2016"]
[Source "ChessBase"]
[SourceDate "2015.10.08"]
[SourceVersion "1"]
[SourceVersionDate "2015.10.08"]
[SourceQuality "1"]

1. e4 e5 2. f4 Bd6 3. Nf3 Nc6 4. Bc4 Na5 5. Be2 Nf6 6. fxe5 Nxe4 7. exd6 Nxd6 8. 0-0 0-0 9. d4 Nf5 10. d5 Qe8 11. b4 Ne3 12. Bxe3 Qxe3+ 13. Kh1 Qc3 14. Nxc3 d6 15. bxa5 b6 16. a6 Bd7 17. Qd3 g6 18. Ng5 Bf5 19. Rxf5 gxf5 20. Qxf5 1-0

[Event "Naujac op 17th"]
[Site "Naujac"]
[Date "2014.06.30"]
[Round "2"]
[White "Ferrandi, Bernard"]
[Black "Van Dommelen, Martin"]
[Result "0-1"]
[WhiteElo "1778"]
[BlackElo "2137"]
[PlyCount "72"]
[EventDate "2014.06.29"]
[EventType "swiss"]
[EventRounds "9"]
[EventCountry "FRA"]
[SourceTitle "CBM 161 Extra"]
[Source "ChessBase"]
[SourceDate "2014.08.29"]
[SourceVersion "1"]
[SourceVersionDate "2014.08.29"]
[SourceQuality "1"]

1. e4 c5 2. Nc3 Nc6 3. g3 g6 4. Bg2 Bg7 5. f4 e6 6. Nf3 Nge7 7. 0-0 d6 8. d3 Rb8 9. Bd2 b5 10. Rb1 0-0 11. Qe1 a6 12. Ne2 Qb6 13. c3 Bb7 14. Nh4 f5 15. exf5 Nxf5 16. g4 Nxh4 17. Qxh4 Rbe8 18. Ng3 Ne7 19. Bxb7 Qxb7 20. Ne4 Qd5 21. Rbd1 c4 22. Be3 cxd3 23. Nf2 Qxa2 24. Rxd3 Nd5 25. Bc1 Nxf4 26. Bxf4 Rxf4 27. Rxd6 Qxb2 28. Rd8 Rxd8 29. Qxd8+ Rf8 30. Qd6 Qe2 31. Qxa6 Bxc3 32. Qd6 Be1 33. Qxf8+ Kxf8 34. Nd3+ Ke7 35. Nxe1 Qxg4+ 36. Ng2 Qd4+ 0-1

[Event "Calvi Balagne op 08th"]
[Site "Calvi"]
[Date "2011.04.26"]
[Round "1"]
[White "Ferrandi, Bernard"]
[Black "Malakhatko, Vadim"]
[Result "0-1"]
[WhiteElo "1852"]
[BlackElo "2546"]
[PlyCount "48"]
[EventDate "2011.04.26"]
[EventType "swiss"]
[EventRounds "8"]
[EventCountry "FRA"]
[SourceTitle "CBM 142 Extra"]
[Source "ChessBase"]
[SourceDate "2011.06.27"]
[SourceVersion "1"]
[SourceVersionDate "2011.06.27"]
[SourceQuality "1"]

1. e4 c5 2. Nf3 e6 3. d4 cxd4 4. Nxd4 Nc6 5. Be2 Qc7 6. Be3 a6 7. Nc3 Nf6 8. f3 Bb4 9. Qd2 d5 10. Bd3 Nxd4 11. Bxd4 e5 12. Bxe5 Qxe5 13. f4 Qc7 14. exd5 0-0 15. 0-0 Re8 16. Rad1 Bc5+ 17. Kh1 Be3 18. Qe1 Bg4 19. d6 Qc6 20. d7 Bxd7 21. Qh4 h6 22. Rf3 Bg4 23. Rg3 Bf2 24. Nd5 Qxd5 0-1

[Event "Corsica Masters op 13th"]
[Site "Bastia"]
[Date "2009.10.25"]
[Round "1"]
[White "Ferrandi, Bernard"]
[Black "Karpatchev, Aleksandr"]
[Result "0-1"]
[WhiteElo "1872"]
[BlackElo "2477"]
[PlyCount "22"]
[EventDate "2009.10.25"]
[EventType "swiss"]
[EventRounds "9"]
[EventCountry "FRA"]
[SourceTitle "EXT 2010"]
[Source "ChessBase"]
[SourceDate "2010.11.25"]
[SourceVersion "1"]
[SourceVersionDate "2010.11.25"]
[SourceQuality "1"]

1. e4 e5 2. Nf3 Nc6 3. Bc4 Nf6 4. Nc3 Nxe4 5. Nxe4 d5 6. Bd3 dxe4 7. Bxe4 Bd6 8. d4 Nxd4 9. Nxd4 exd4 10. Qxd4 0-0 11. 0-0 Bxh2+ 0-1

[Event "Naujac op"]
[Site "Naujac"]
[Date "2008.06.27"]
[Round "7"]
[White "Ferrandi, Bernard"]
[Black "Favarel, Antoine"]
[Result "0-1"]
[WhiteElo "1954"]
[BlackElo "2065"]
[PlyCount "58"]
[EventDate "2008.06.21"]
[EventType "swiss"]
[EventRounds "9"]
[EventCountry "FRA"]
[SourceTitle "CBM 125 Extra"]
[Source "ChessBase"]
[SourceDate "2008.09.01"]
[SourceVersion "1"]
[SourceVersionDate "2008.09.01"]
[SourceQuality "1"]

1. e4 c5 2. Nf3 Nc6 3. d4 cxd4 4. Bc4 Nf6 5. Qe2 d5 6. exd5 Nxd5 7. 0-0 Bg4 8. Rd1 e6 9. Nc3 Bxf3 10. gxf3 Nxc3 11. bxc3 Bd6 12. Qe4 Qc7 13. cxd4 0-0 14. Kh1 g6 15. Bb2 Rfe8 16. Qh4 Ne7 17. d5 Nf5 18. Qf6 e5 19. Rg1 Qxc4 20. Qxf5 Qxd5 21. Rad1 Qxd1 22. Qf6 Qd5 23. Bc1 Be7 24. Qf5 Bf8 25. Rg3 Qd1+ 26. Kg2 Qxc1 27. h4 Qf4 28. Qd7 Qxh4 29. Rh3 Qg5+ 0-1

[Event "Calvi Balagne op 03rd"]
[Site "Calvi"]
[Date "2006.02.21"]
[Round "3"]
[White "Gil, Jean Jacques"]
[Black "Ferrandi, Bernard"]
[Result "0-1"]
[WhiteElo "1710"]
[BlackElo "1978"]
[PlyCount "52"]
[EventDate "2006.02.19"]
[EventType "swiss"]
[EventRounds "9"]
[EventCountry "FRA"]
[SourceTitle "CBM 110 Extra"]
[Source "ChessBase"]
[SourceDate "2006.03.10"]
[SourceVersion "2"]
[SourceVersionDate "2006.03.10"]
[SourceQuality "1"]

1. d4 f5 2. e3 Nf6 3. Bd3 g6 4. f4 Bg7 5. Nf3 0-0 6. 0-0 c6 7. Nbd2 Qc7 8. Ne5 e6 9. Qe1 b5 10. Be2 d6 11. Nd3 Nbd7 12. Bf3 Bb7 13. c3 Rae8 14. e4 e5 15. Qg3 exf4 16. Qxf4 fxe4 17. Nxe4 Nxe4 18. Qh4 Ndf6 19. Bh6 Bxh6 20. Qxh6 Qg7 21. Qc1 Bc8 22. h3 Ng3 23. Rf2 Nfe4 24. Rc2 Qf6 25. Kh2 Qh4 26. a4 Rxf3 0-1

[Event "Calvi Balagne op 02nd"]
[Site "Calvi"]
[Date "2005.02.22"]
[Round "4"]
[White "Brethes, Francois"]
[Black "Ferrandi, Bernard"]
[Result "0-1"]
[WhiteElo "2147"]
[BlackElo "2007"]
[PlyCount "71"]
[EventDate "2005.02.20"]
[EventType "swiss"]
[EventRounds "9"]
[EventCountry "FRA"]
[SourceTitle "CBM 105 Extra"]
[Source "ChessBase"]
[SourceDate "2005.05.01"]
[SourceVersion "1"]
[SourceVersionDate "2005.05.01"]
[SourceQuality "1"]

1. d4 f5 2. Bg5 g6 3. e3 Bg7 4. Bd3 Nf6 5. Ne2 0-0 6. Nd2 c6 7. c3 d6 8. Qb3+ Kh8 9. h4 Nbd7 10. Nf4 Nb6 11. h5 h6 12. Nxg6+ Kh7 13. Nxf8+ Qxf8 14. Bxf6 Qxf6 15. 0-0-0 e5 16. f3 Be6 17. Qc2 Nd5 18. Rde1 Kg8 19. e4 Nf4 20. exf5 Nxd3+ 21. Qxd3 Bxf5 22. Ne4 Qf7 23. g4 Bh7 24. g5 hxg5 25. h6 Bh8 26. Qd2 Qxa2 27. Qxg5+ Kf8 28. f4 Qa1+ 29. Kc2 Bxe4+ 30. Rxe4 Qxh1 31. Qf5+ Ke7 32. fxe5 Qg2+ 33. Kc1 Kd8 34. exd6 Qh1+ 35. Kc2 Qxh6 36. Qf7 0-1

[Event "Calvi Balagne op 02nd"]
[Site "Calvi"]
[Date "2005.02.21"]
[Round "2"]
[White "Vuckovic, Bojan"]
[Black "Ferrandi, Bernard"]
[Result "1-0"]
[WhiteElo "2525"]
[BlackElo "2007"]
[PlyCount "45"]
[EventDate "2005.02.20"]
[EventType "swiss"]
[EventRounds "9"]
[EventCountry "FRA"]
[SourceTitle "CBM 105 Extra"]
[Source "ChessBase"]
[SourceDate "2005.05.01"]
[SourceVersion "1"]
[SourceVersionDate "2005.05.01"]
[SourceQuality "1"]

1. e4 e5 2. Nf3 Nc6 3. d4 exd4 4. Nxd4 Bc5 5. Nxc6 Qf6 6. Qd2 dxc6 7. Nc3 Bb4 8. Bd3 Be6 9. 0-0 0-0-0 10. Qe3 Kb8 11. Qg3 Qg6 12. Ne2 Ne7 13. Be3 h5 14. a3 Bd6 15. Qxg6 Nxg6 16. f4 Bg4 17. Nc3 Bc8 18. Rae1 f5 19. e5 Be7 20. Ne2 h4 21. Nd4 Rhf8 22. Bc4 Bc5 23. Nxc6+ 1-0